| 000 | 00583nam a22001817a 4500 | ||
|---|---|---|---|
| 008 | 150520b xxu||||| |||| 00| 0 eng d | ||
| 020 | _a9780071786805 | ||
| 041 | 0 | _aeng | |
| 080 | _a658.4 | ||
| 100 | 1 |
_aPhillips, Jeffrey, _d1963- |
|
| 245 | 1 | 0 |
_aRelentless innovation : _cJeffrey Phillips. |
| 260 |
_aNew York : _bMcGraw-Hill, _cc2012. |
||
| 300 |
_a214 f. ; _c24 cm. |
||
| 650 | 0 |
_aInovacionet teknologjike _xMenaxhment |
|
| 650 | 0 | _aKrijimi i aftësive në biznes | |
| 650 | 0 | _aProduktet e reja | |
| 942 |
_2udc _cBK |
||
| 999 |
_c875 _d875 |
||